Matters of choice (Record no. 5978)
[ view plain ]
| 000 -LEADER | |
|---|---|
| fixed length control field | 02167nam a2200397 a 4500 |
| 001 - CONTROL NUMBER | |
| control field | ebr10275494 |
| 003 - CONTROL NUMBER IDENTIFIER | |
| control field | CaPaEBR |
| 006 - FIXED-LENGTH DATA ELEMENTS--ADDITIONAL MATERIAL CHARACTERISTICS--GENERAL INFORMATION | |
| fixed length control field | m u |
| 007 - PHYSICAL DESCRIPTION FIXED FIELD--GENERAL INFORMATION | |
| fixed length control field | cr cn||||||||| |
| 008 - FIXED-LENGTH DATA ELEMENTS--GENERAL INFORMATION | |
| fixed length control field | 080110s2008 njuj sb s001 0 eng |
| 010 ## - LIBRARY OF CONGRESS CONTROL NUMBER | |
| Canceled/invalid LC control number | 2008000883 |
| 015 ## - NATIONAL BIBLIOGRAPHY NUMBER | |
| National bibliography number | GBA8C1928 |
| Source | bnb |
| 016 7# - NATIONAL BIBLIOGRAPHIC AGENCY CONTROL NUMBER | |
| Canceled or invalid record control number | 014783525 |
| Source | Uk |
| 020 ## - INTERNATIONAL STANDARD BOOK NUMBER | |
| Cancelled/invalid ISBN | 9780813543727 (hardover : alk. paper) |
| Cancelled/invalid ISBN | 081354372X (hardover : alk. paper) |
| Cancelled/invalid ISBN | 9780813543734 (pbk. : alk. paper) |
| Cancelled/invalid ISBN | 0813543738 (pbk. : alk. paper) |
| 040 ## - CATALOGING SOURCE | |
| Original cataloging agency | CaPaEBR |
| Transcribing agency | CaPaEBR |
| 035 ## - SYSTEM CONTROL NUMBER | |
| System control number | (OCoLC)311593409 |
| 043 ## - GEOGRAPHIC AREA CODE | |
| Geographic area code | nwpr--- |
| 050 14 - LIBRARY OF CONGRESS CALL NUMBER | |
| Classification number | HQ766.5.P8 |
| Item number | L66 2008eb |
| 082 04 - DEWEY DECIMAL CLASSIFICATION NUMBER | |
| Classification number | 363.9/7097295 |
| Edition number | 22 |
| 100 1# - MAIN ENTRY--PERSONAL NAME | |
| Personal name | L�opez, Iris Ofelia. |
| 245 10 - TITLE STATEMENT | |
| Title | Matters of choice |
| Medium | [electronic resource] : |
| Remainder of title | Puerto Rican women's struggle for reproductive freedom / |
| Statement of responsibility, etc | Iris Lopez. |
| 260 ## - PUBLICATION, DISTRIBUTION, ETC. (IMPRINT) | |
| Place of publication, distribution, etc | New Brunswick, N.J. : |
| Name of publisher, distributor, etc | Rutgers University Press, |
| Date of publication, distribution, etc | c2008. |
| 300 ## - PHYSICAL DESCRIPTION | |
| Extent | xxv, 184 p. : |
| Other physical details | geneal. tables. |
| 504 ## - BIBLIOGRAPHY, ETC. NOTE | |
| Bibliography, etc | Includes bibliographical references (p. 167-177) and index. |
| 505 0# - FORMATTED CONTENTS NOTE | |
| Formatted contents note | The globalization of sterilization -- The birth control movement in Puerto Rico -- Gender awareness across generations -- Cultural continuities and urban change -- The Velez family: poverty, the cancer scare, and hysterectomies -- The Robles family: social change and gender struggle -- The Gomez family: under the knife again-reversing la operaci�on -- The Morales and Rivera families: tough love and sterile choices -- Reproductive rights and an integral model of reproductive freedom -- Ideologies and inequities in the health care system -- Toward an integral model of reproductive freedom. |
| 533 ## - REPRODUCTION NOTE | |
| Type of reproduction | Electronic reproduction. |
| Place of reproduction | Palo Alto, Calif. : |
| Agency responsible for reproduction | ebrary, |
| Date of reproduction | 2013. |
| Note about reproduction | Available via World Wide Web. |
| -- | Access may be limited to ebrary affiliated libraries. |
| 650 #0 - SUBJECT ADDED ENTRY--TOPICAL TERM | |
| Topical term or geographic name as entry element | Reproductive rights |
| Geographic subdivision | Puerto Rico |
| General subdivision | History. |
| Topical term or geographic name as entry element | Poor women |
| Geographic subdivision | Puerto Rico |
| General subdivision | Social conditions. |
| Topical term or geographic name as entry element | Poor |
| Geographic subdivision | Puerto Rico. |
| 655 #7 - INDEX TERM--GENRE/FORM | |
| Genre/form data or focus term | Electronic books. |
| Source of term | local |
| 710 2# - ADDED ENTRY--CORPORATE NAME | |
| Corporate name or jurisdiction name as entry element | ebrary, Inc. |
| 856 40 - ELECTRONIC LOCATION AND ACCESS | |
| Uniform Resource Identifier | <a href="http://site.ebrary.com/lib/rucke/Doc?id=10275494">http://site.ebrary.com/lib/rucke/Doc?id=10275494</a> |
| Public note | An electronic book accessible through the World Wide Web; click to view |
No items available.
